| 000 | 01091nam a22002057a 4500 | ||
|---|---|---|---|
| 999 |
_c15185 _d15185 |
||
| 003 | AR-CdUCM | ||
| 008 | 190313b ||||| |||| 00| 0 spa d | ||
| 040 |
_aMUNICIPALIDAD PROVINCIAL DEL CUSCO _cBIBLIOTECA MUNICIPAL DEL CUSCO |
||
| 082 |
_aC / 100 / _bA83 |
||
| 100 |
_aAstete Abrill, Antonio M. _917140 |
||
| 245 | _aUna Perspectiva en la Filosofía de Spengler / | ||
| 260 |
_aPerú : _bH.G Rozas S.A , _c1955. |
||
| 300 |
_a315 páginas ; _c25.3 cm. |
||
| 505 | _aContenido : Una filosofia afilosofica -- Los fundamentos del profetismo Historico de Splenger -- El Sentido de los Números -- La Problematica Fundamental de la Filosofia de la Historia -- La Condicion Simbolica de la Impresion del Universo -- El Alma y la vida -- El formalismo simbolico de la ciencia -- El hombre en el Mundo -- Vida Agraria y Vid aUrbana -- Problemas Principales de la Cultura Arabica -- Los pueblos y sus mutaciones Organicas... | ||
| 650 |
_aAfilosofía _917141 |
||
| 650 |
_aFilosofía Simbólica _917142 |
||
| 650 |
_aLa morfologiá de la sociedad _917143 |
||
| 942 |
_2ddc _cLIBROS |
||
| 945 | _awfj | ||